00528nam a2200157Ia 4500008004100000040001600041041001200057082001300069100001700082245009300099260000900192300001400201942000700215952013100222999001700353230917s9999||||xx |||||||||||||| ||und|| e96441aMAIN aEnglish a370 V59E aVerma, Mukta 0aEvaluation of English reader prescribed by Haryana board of school education for X class c2001 a50, 14 p. cTH 0010406370_000000000000000_V59E709133613aMAINbMAINd2003-08-20l0o370 V59Ep168708r2023-09-17 21:02:26w2023-09-17yTH c88370d88370